UK Sorting Gallery Quiz Stats

 Plays Quiz Updated Jun 26, 2017

Support Sporcle.
Go Orange.
Score 0/55 Timer 05:00
13 Plays Today
% Correct
Christmas Day
87.7%
Easter Monday
87.5%
Harry
87.4%
Boxing Day
87.3%
New Year's Day
87.1%
Good Friday
86.8%
Isle of Man
86.8%
Jack
85.5%
Mick Jagger
83.2%
Watt
83%
Joule
82.6%
Licence to Kill
82.4%
Early May
82.4%
Newton
82.3%
James
82.3%
George
82.1%
Edward
82%
Henry
81.7%
Orkney Mainland
81.3%
Shetland Mainland
80.8%
William
80.8%
Wuthering Heights
80.7%
Anglesey
80.1%
Islay
80.1%
Keith Richards
80.1%
Charlie
79.8%
Rowan Atkinson
78.8%
The Living Daylights
78.7%
% Correct
Kelvin
78%
Summer
77.3%
Jacob
77.3%
Spring
76.4%
William
75.9%
Skye
74.5%
Farad
73.4%
Bradley Wiggins
72.4%
Richard
72.2%
Ronnie Wood
71.5%
Arran
70.9%
Thomas
70.7%
Hugh Laurie
70.5%
Oliver
69.3%
Alfie
69.2%
Stephen Fry
68.3%
Mull
67.7%
Steve Redgrave
65%
Charlie Watts
64.6%
Miranda Richardson
63.4%
Chris Hoy
63.2%
Tony Robinson
62.9%
Tim McInnerny
62.1%
Gray
49.9%
Riley
46.7%
Rayl/Rayleigh
42.2%
Lewis and Harris
36.5%

You're not logged in!

Compare scores with friends on all Sporcle quizzes.
OR
Log In
Forgot?

From the Vault

NFL 'C' Teams

by sproutcm

Just make sure you can 'C' the blitz coming.
Remove Ads.
Support Sporcle.
Get the best of Sporcle when you Go Orange. This ad-free experience offers more features, more stats, and more fun while also helping to support Sporcle. Thank you for becoming a member.

Show Comments

Extras

Top Quizzes Today


Score Distribution

Your Account Isn't Verified!

In order to create a playlist on Sporcle, you need to verify the email address you used during registration. Go to your Sporcle Settings to finish the process.

Report this User

Report this user for behavior that violates our Community Guidelines.

Details: